Films en images - V - Statistiques

Statistiques générales
  • Ce quiz a été pris 266 fois
  • Le résultat moyen est 7 sur 16
Statistiques - réponses
Par images Réponse % Correct
Venom : The Last Dance
93%
Very Bad Trip
84%
La Vie d'Adèle
82%
20 ans d'écart
65%
Valérian et la Cité des Mille Planètes
56%
La vie est belle
54%
La vie scolaire
43%
La Vague
35%
Vol au-dessus d'un nid de coucou
34%
Voyage au centre de la Terre
31%
Les vacances de Mr Bean
30%
Volte-face
21%
Vive la France
18%
La Vie est un long fleuve tranquille
16%
Valentine's Day
8%
Victoria
5%
Aucun quiz correspondant
Distribution des résultats
% des personnes avec chaque résultat
Percentile par nombre de réponses
Votre historique - résultats
Vous n’avez pas pris ce quiz